Ilorin journal of human resource management (Record no. 38272)

MARC details
000 -LEADER
fixed length control field 00461nam a2200169Ia 4500
022 ## - INTERNATIONAL STANDARD SERIAL NUMBER
ISSN 25790447
050 ## - CALL MARK
Classification number HF5549.2.N53 .I46/
245 #0 - TITLE STATEMENT
Title Ilorin journal of human resource management
260 ## - PUBLICATION, DISTRIBUTION, ETC. (IMPRINT)
Place of publication Ilorin, Nigeria
260 ## - PUBLICATION, DISTRIBUTION, ETC. (IMPRINT)
Name of publisher Damso print.
260 ## - PUBLICATION, DISTRIBUTION, ETC. (IMPRINT)
Year of publication 2017
300 ## - PHYSICAL DESCRIPTION
Number of Pages vi, 260 p. :ill. 24 cm.
650 ## - SUBJECT ADDED ENTRY--TOPICAL TERM
Topical Term Personnel management--Nigeria--Periodicals.
942 ## - ADDED ENTRY ELEMENTS (KOHA)
Koha item type Serials

No items available.